Nelson Mandela : (Record no. 4483)

MARC details
000 -LEADER
fixed length control field 00911nam a22002897a 4500
001 - CONTROL NUMBER
control field 4483
003 - CONTROL NUMBER IDENTIFIER
control field FISKH
005 - DATE AND TIME OF LATEST TRANSACTION
control field 20240912082742.0
008 - FIXED-LENGTH DATA ELEMENTS--GENERAL INFORMATION
fixed length control field 240912b cb ||||| |||| 00| 0 eng d
020 ## - INTERNATIONAL STANDARD BOOK NUMBER
International Standard Book Number 9780590441544
040 ## - CATALOGING SOURCE
Original cataloging agency FISKH
Language of cataloging eng
Transcribing agency FISKH
Modifying agency FISKH
050 ## - LIBRARY OF CONGRESS CALL NUMBER
Classification number DT1949.M35
082 ## - DEWEY DECIMAL CLASSIFICATION NUMBER
Classification number 324.268083092
100 ## - MAIN ENTRY--PERSONAL NAME
Personal name Denenberg, Barry
Relator term author
245 ## - TITLE STATEMENT
Title Nelson Mandela :
Remainder of title No easy walk to freedom /
Statement of responsibility, etc. A bigography by Barry Denenberg
250 ## - EDITION STATEMENT
Edition statement First Scholastic printing, April 1995
260 ## - PUBLICATION, DISTRIBUTION, ETC.
Place of publication, distribution, etc. New York :
Name of publisher, distributor, etc. Scholastic ,
Date of publication, distribution, etc. 1991.
300 ## - PHYSICAL DESCRIPTION
Extent 211 pages :
Other physical details illustrations ;
Dimensions 20 cm .
505 ## - FORMATTED CONTENTS NOTE
Formatted contents note Z <br/>
520 ## - SUMMARY, ETC.
Summary, etc. Recounts the life, imprisonment, and leadership role of Nelson Mandela.
521 8# - TARGET AUDIENCE NOTE
Target audience note 950 <br/>
Source Lexile <br/>
521 8# - TARGET AUDIENCE NOTE
Target audience note Z <br/>
Source Raz-Plus <br/>
650 ## - SUBJECT ADDED ENTRY--TOPICAL TERM
Topical term or geographic name entry element civil rights
Form subdivision non-fiction
700 ## - ADDED ENTRY--PERSONAL NAME
Personal name Petronio, Kay
Relator term Book disigner
942 ## - ADDED ENTRY ELEMENTS (KOHA)
Source of classification or shelving scheme Dewey Decimal Classification
Koha item type Books
Suppress in OPAC No
Holdings
Withdrawn status Lost status Source of classification or shelving scheme Damaged status Not for loan Collection Home library Current library Shelving location Date acquired Total Checkouts Full call number Barcode Date last seen Copy number Price effective from Koha item type
    Dewey Decimal Classification     Non-Fiction Footprints International School Library Network Toul Tom Poung Campus Footprints International School Library Network Toul Tom Poung Campus TTP Secondary Non-Fiction Bookshelves 09/12/2024   DEN 324.268083092 DT1949.M35 FIS04625 09/12/2024 1 09/12/2024 Books
    Dewey Decimal Classification     Non-Fiction Footprints International School Library Network Toul Tom Poung Campus Footprints International School Library Network Toul Tom Poung Campus TTP Secondary Non-Fiction Bookshelves 09/12/2024   DEN 324.268083092 DT1949.M35 FISSE01430 11/26/2024 2 09/12/2024 Books